1836 1550 1686 1624 1729 1703 1345 1583 1659 1696 1088 1389 1682 1086 1344 1125 1490 1678 1178 1705 1090 1003 1694 1874 1500 1711 1495 1477 1856 1485 1502 1378 1285 1169 1358 1370 1281 1885 1961 1328 1326 1048 1138 1998 1089 1193 1092 1585 1628 1841 1629 1435 1585 1886 1076 1005 1252 1224 1579 1385 1705 1260 1150 1174 1600 1766 1225 1138 1520 1355 1237 2000 1414 1880 1446 1661 1844 1948 1767 1774 1135 1594 1740 1170 1756 1856 1886 1482 1079 1292 1628 1677 1875 1466 1746 1007 1779 1242 1334 BCNSPRNW ULIB Ver.6.0+V

เปลี่ยนเป็นภาษาไทย

Change to English
 แสดงรายละเอียดบรรณานุกรม
  กลับหน้าหลัก

Brief Record : Get Marc (ISO 2709) : E-mail record : QR code < ปิดหน้าต่าง
LEADER : 00000nam 2200000uu 4500
001    13399124390
003     ULIB
008    150603s2554||||th 000 0 tha d
020    ^a9786161116590
060  4 ^aWA900^bร451
110 1  ^aสำนักงานปลัดกระทรวงสาธารณสุข, สำนักนโยบายและยุทธศาสตร์
245 00 ^aรายงานข้อมูลทรัพยากรสาธารณสุข ประจำปี 2554 ^cสำนักนโยบายและยุทธศาสตร์ สำนักงานปลัดกระทรวงสาธารณสุข
260    ^aนนทบุรี:^bสำนักงานกิจการโรงพิมพ์องค์การสงเคราะห์ทหารผ่านศึกษา,^c2554
300    ^a248 หน้า
650  7 ^aความเจ็บป่วย -- ไทย -- สถิติ.
650  7 ^aบุคลากรทางการแพทย์ -- สถิติ.
650  7 ^aทรัพยากรสาธารณสุข -- สถิติ.
945    ^p0^l0^i22964
999    ^aเกษร โพธิ์สุวรรณ
รายการนี้ยังไม่มีแท็ก
คุณยังไม่ได้ล็อกอิน คุณสามารถมีกิจกรรมร่วมกับเว็บไซต์ได้ แต่ต้องล็อกอินก่อน ::
  ล็อกอิน

รายการสื่อสารสนเทศ

ลำดับที่ ประเภท เลขเรียก/บาร์โค้ด สถานที่ สถานะ
1. วิทยาศาสตร์การแพทย์ และสุขภาพ
หนังสือสำรอง
สถานะ=หนังสือสำรอง
WA900 ร451 ฉ.1 
  Barcode: 22964
ห้องสมุดวิทยาเขตนครสวรรค์
►ส่วนจัดเก็บหนังสือเก่า นว.
บนชั้น
  ขอยืม

รายการใกล้เคียง
    หัวเรื่อง [ความเจ็บป่วย -- ไทย -- สถิติ.]
    หัวเรื่อง [บุคลากรทางการแพทย์ -- สถิติ.]
    หัวเรื่อง [ทรัพยากรสาธารณสุข -- สถิติ.]

BibComment


ยังไม่เคยถูกคอมเมนท์

คอมเมนท์ทรัพยากรรายการนี้
  คอมเมนท์: รายงานข้อมูลทรัพ..


 Copyright 2026. Bcnsprnw @Library